| 000 | 00944nam a2200277 i 4500 | ||
|---|---|---|---|
| 001 | bg | ||
| 003 | BPK | ||
| 005 | 20210129112426.0 | ||
| 008 | 980713s1996 pl a f f |001 0 pol | ||
| 015 | _aPB 1997/113 | ||
| 020 | _a8301121076 | ||
| 040 |
_aWA N _cBPK |
||
| 080 | _a628.1 | ||
| 080 | _a(075.8) | ||
| 100 | 1 |
_aKowal, Apolinary Leszek _eAutor |
|
| 245 | 1 | 0 |
_aOczyszczanie wody / _cApolinary L. Kowal, Maria Świderska-Bróż. |
| 260 |
_aWarszawa ; _aWrocław : _bWydaw. Naukowe PWN, _c1996. |
||
| 300 |
_a614, [2] s. : _brys., wykr., err. ; _c25 cm. |
||
| 504 | _aBibliogr. przy rozdz. - Indeks. | ||
| 650 | 4 | _aUzdatnianie wody | |
| 655 | 4 | _aPodręczniki akademickie | |
| 710 | 2 |
_aWydawnictwo Naukowe PWN _4pbl. |
|
| 700 | 1 |
_aŚwiderska-Bróż, Maria _d(1947- ) _eAutor |
|
| 856 |
_uhttp://koha.tu.koszalin.pl/cgi-bin/koha/opac-detail.pl?biblionumber=24797 _yKatalog online BPK |
||
| 942 |
_2UKD _cKS |
||
| 999 |
_c24797 _d24797 |
||